| 000 | 00701cam a22002413a 4500 | ||
|---|---|---|---|
| 001 | 32856 | ||
| 003 | PGUSA | ||
| 005 | 20140828083718.0 | ||
| 008 | 100617s2010||||xxu|||||s|||||000 | eng d | ||
| 040 |
_aPGUSA _beng |
||
| 042 | _adc | ||
| 050 | 4 | _aP | |
| 100 | 1 |
_aMüller, F. Max _q(Friedrich Max), _d1823-1900 |
|
| 245 | 1 | 0 |
_aLectures on The Science of Language _h[electronic resource] / _cF. Max Müller |
| 260 |
_bProject Gutenberg, _c2010 |
||
| 506 | _aPublic domain in the USA. | ||
| 516 | _aElectronic text | ||
| 653 | _aLanguage and languages | ||
| 653 | _aComparative linguistics | ||
| 830 | 0 |
_aProject Gutenberg _v32856 |
|
| 856 | 4 | 0 | _uhttp://www.gutenberg.org/ebooks/32856 |
| 942 | _cEB | ||
| 999 |
_c262111 _d262111 |
||